000 00356nam a2200157Ia 4500
003 OSt
005 20240302104124.0
008 170524s9999 xx 000 0 und d
020 _a978-9385462177
040 _cIIMT UNIVERSITY MEERUT
100 _aBhatia RC
245 0 _aBusiness Communication
260 _bAne Book
260 _c2006
942 _2ddc
_c02
999 _c5377
_d5377